Places To Study

There are group study rooms, individual study carrels, computer labs, and other spaces to study in the Libraries.

Reserve A Group Room

Online Resources

Access thousands of eBooks, audiobooks, and online journals from the comfort of your home.

Explore Resources

Events and Workshops

Join our upcoming events and workshops to enhance your skills and knowledge.

View Events

မဟာဝဂ္ဂပါဠိတော်နိဿယ၊ (Record no. 2474)

MARC details
000 -LEADER
fixed length control field 01216nam a22002057a 4500
003 - CONTROL NUMBER IDENTIFIER
control field OSt
005 - DATE AND TIME OF LATEST TRANSACTION
control field 20251115163902.0
008 - FIXED-LENGTH DATA ELEMENTS--GENERAL INFORMATION
fixed length control field 251115b |||||||| |||| 00| 0 eng d
040 ## - CATALOGING SOURCE
Transcribing agency DCL
082 ## - DEWEY DECIMAL CLASSIFICATION NUMBER
Classification number ၂၉၄.၃၈၂၂၃
130 ## - MAIN ENTRY--UNIFORM TITLE
Uniform title တိပိဋက။
Name of part/section of a work သုတ္တန္တပိဋက။
-- ဒီဃနိကာယ။
Title of a work မဟာဝဂ္ဂ၊
Language of a work ပါဠိတော်၊
Version နိဿယ။
245 ## - TITLE STATEMENT
Title မဟာဝဂ္ဂပါဠိတော်နိဿယ၊
Remainder of title ပထမတွဲ /
Statement of responsibility, etc. ဝေယန်ဘုံသာ ဆရာတော်။
264 ## - PRODUCTION, PUBLICATION, DISTRIBUTION, MANUFACTURE, AND COPYRIGHT NOTICE
Place of production, publication, distribution, manufacture ရန်ကုန် ၊
Name of producer, publisher, distributor, manufacturer ဣစ္ဆာသယပိဋကတ်စာအုပ်ဆိုင်၊
Date of production, publication, distribution, manufacture, or copyright notice [ခုနှစ်မပါ]။
300 ## - PHYSICAL DESCRIPTION
Extent ၂၉၄ စာမျက်နှာ ၊
Dimensions ည၊ ၂၅ စင်တီ။
650 ## - SUBJECT ADDED ENTRY--TOPICAL TERM
Topical term or geographic name entry element ဝိနည်းမဟာဝါ
Form subdivision ပါဠိတော်နိဿယ။
650 ## - SUBJECT ADDED ENTRY--TOPICAL TERM
Topical term or geographic name entry element မဟာဝဂ္ဂ
Form subdivision ပါဠိတော်နိဿယ။
650 ## - SUBJECT ADDED ENTRY--TOPICAL TERM
Topical term or geographic name entry element မဟာဝဂ်
Form subdivision ပါဠိတော်နိဿယ။
700 ## - ADDED ENTRY--PERSONAL NAME
Personal name ဝေယန်ဘုံသာ ဆရာတော်
Dates associated with a name မြန်မာပြန်ဆိုသူ
942 ## - ADDED ENTRY ELEMENTS (KOHA)
Source of classification or shelving scheme Dewey Decimal Classification
Koha item type Short Term
Suppress in OPAC No
Holdings
Withdrawn status Lost status Source of classification or shelving scheme Damaged status Not for loan Collection Accession No. Home library Current library Shelving location Date acquired Total checkouts Full call number Barcode Date last seen Price effective from Koha item type
    Dewey Decimal Classification     Myanmar Pitaka Collection ၂၈၁၅ Dhammadhara Dhammadhara Myanmar Pitaka Shelves 15/11/2025   ၂၉၄.၃၈၂၂၃ ဝိ ၂၈၁၅ MB00002815 15/11/2025 15/11/2025 Short Term